| 000 | 00903nam a2200277Ia 4500 | ||
|---|---|---|---|
| 003 | OSt | ||
| 005 | 20250128151512.0 | ||
| 008 | 210716s1997 xx 000 0 und d | ||
| 020 | _a076450083X | ||
| 040 | _cAIMIT LIBRARY | ||
| 041 | _aeng | ||
| 082 |
_a005.7401 _21st _bMCCC |
||
| 100 |
_aMccullough, Carol. _9195837 |
||
| 245 |
_aOracle 7: _bfor dummies / _cBy Carol McCullough. |
||
| 250 | _a1st ed. | ||
| 260 |
_aNew Delhi : _bComdex computer publishing , _c1997. |
||
| 300 |
_axxii,361 p.; _bPB _c24.5 cm. |
||
| 650 |
_aPutting oracle 7 to work _9195838 |
||
| 650 |
_aTuning up and turbocharging _9195839 |
||
| 650 |
_aPart of tens _9195840 |
||
| 650 |
_aCommon problems and how to fix them _9195841 |
||
| 650 |
_aRoad Map _9195858 |
||
| 650 |
_aTuning up and turbocharging _9195859 |
||
| 650 |
_aSpeeching up queries with keys and indexes _9195860 |
||
| 942 |
_2ddc _cBK _e1st _k005.7401 MCCC |
||
| 999 |
_c187040 _d187040 |
||